| 000 | 01109nam a2200301 c 4500 | ||
|---|---|---|---|
| 999 |
_c160533 _d160533 |
||
| 003 | BLK | ||
| 005 | 20220225152122.0 | ||
| 008 | 180410b bul|||||r ||||||| ||bul|| | ||
| 010 | _aKNG00167752000 | ||
| 040 | _aBLK | ||
| 041 |
_aBUL _cBUL |
||
| 072 | 7 |
_2bullib _aК _xКраезнание |
|
| 080 |
_aБългарска литература _b821.163.2 _x-82 _z821.163.2-82 |
||
| 139 |
_aНеспокойни хора _bН 60 |
||
| 245 | 1 | 0 |
_aНеспокойни хора _bДесет г. лит. кръжок "Вл. Маяковски" при ДМЗ "Г. Димитров" - Русе : Стихотворения и разкази _cил. Стефан Стефанов. |
| 257 | _aBGR | ||
| 260 | _c1963 | ||
| 300 |
_a36 с. _bс ил. _c22 см |
||
| 380 | _aX | ||
| 500 | _a250 тир. | ||
| 659 | _aК | ||
| 700 | 1 |
_aСтефанов, Стефан _eил. _9364632 |
|
| 852 | _aЦб 44585 | ||
| 852 | _aК 821.163.2/Н 60 х | ||
| 856 | 4 | _qpdf | |
| 856 | 4 | _qpdf | |
| 942 |
_cKNG _n0 _s1 |
||
| 944 |
_aCR _c27.11.2014 _l27.11.2014 - от С1,Р / 27.11.2014 _kНора_Радева |
||
| 944 |
_aED _c27.11.2014 _l27.11.2014 - от С1,Р / 27.11.2014 |
||
| 999 | _d160533 | ||